Normal view
MARC view
- INTERMEDIATE ALGEBRA
Entry Topical Term
001 - CONTROL NUMBER
- control field: 63741
003 - CONTROL NUMBER IDENTIFIER
- control field: NUST
005 - DATE AND TIME OF LATEST TRANSACTION
- control field: 20210628203152.0
008 - FIXED-LENGTH DATA ELEMENTS
- fixed length control field: 210628|| aca||aabn | a|a d
040 ## - CATALOGING SOURCE
- Original cataloging agency: NUST
- Transcribing agency: NUST
150 ## - HEADING--TOPICAL TERM
- Topical term or geographic name entry element: INTERMEDIATE ALGEBRA
670 ## - SOURCE DATA FOUND
- Source citation: Work cat.: (NUST): Fraser W.Roy, Fraser W.Roy 63740, Intermediate algebra, an early function approach, 1993
